000 00733nam a2200277 i 4500
001 bg
100 1 _aDEAN, Michael
245 1 0 _aTest your reading /
_cMichael Dean.
250 _a6th impr.
260 _aHarlow :
_bPearson Education,
_c2006.
300 _a121 s. :
_brys. ;
_c21 cm.
490 1 _aTest Your
650 9 _aJęzyk angielski
655 _aĆwiczenia i zadania
830 _aTest Your
020 _a0582469058
020 _a9780582469051
040 _cBPK
041 0 _aeng
080 _a811.111(07)
920 _a0-582-46905-8
920 _a978-0-582-46905-1
942 _cKS
008 s pl f |000 0 pol
999 _c52144
_d52144
856 _uhttp://koha.tu.koszalin.pl/cgi-bin/koha/opac-detail.pl?biblionumber=52144
_yKatalog online BPK